000 00658nam a2200217Ia 4500
008 191130s1988##################000#0#eng##
020 _a9780805801415
022 _a88003879
040 _aACL
_cACL
082 _a152.4 SCH
245 _aFacets of emotion : recent research
_cedited by Klaus R. Scherer
260 _aHillsdale, NJ
_bL. Erlbaum Associates
_c1988
300 _ax, 267 p. : ill. ; 23 cm
500 _aIncludes indexes. Bibliography: p. 245-254
650 _aEmotions
650 _aEmotions - Cross-cultural studies
700 _aScherer, Klaus R
990 _a75869618ac10000c253695ccbcd72804
991 _a187965
999 _c180861
_d180861